Countries Closest to Kosovo - One Minute Sprint - Statistics

General Stats
  • This quiz has been taken 80 times
  • The average score is 16 of 20
Answer Stats
km country miles % Correct
0 Serbia 0
99%
0 Montenegro 0
97%
0 Albania 0
96%
0 North Macedonia 0
96%
128 Croatia 80
93%
114 Greece 71
93%
156 Romania 97
92%
96 Bosnia and Herzegovina 60
90%
478 Slovenia 279
87%
54 Bulgaria 34
86%
253 Italy 157
86%
318 Hungary 198
83%
389 Turkey 241
79%
527 Slovakia 328
76%
525 Austria 326
73%
601 Moldova 374
73%
547 Ukraine 340
72%
622 San Marino 386
55%
628 Vatican City 391
54%
658 Poland 409
51%
No matching quizzes found
Score Distribution
Percent of People with Each Score
Percentile by Number Answered
Your Score History
You have not taken this quiz